000 00723nam a2200265Ia 4500
003 OSt
005 20221007110231.0
006 a|||||r|||| 00| 0
007 ta
008 221006b |||||||| |||| 00| 0 eng d
024 _a20,660
037 _cTextual
040 _aLCO
_cLCO
_beng
041 _2eng
_aeng
082 _aZ1,215, L5
100 _aChurchill Robin
245 0 _aNew Direction in the Law of the Sea
260 _aNew
_bYork Oceana Publication Inc. U.S.A.
_c1975
300 _a544
490 _vVol-IV4
650 _aLAW OF SEA
_9682969
700 _a Nordquist Myron
_9707266
942 _hZ1,215, L5
_cTEXL
999 _c1190223
_d1190223